[Event "6MCR_4D_1L_2S"]
[Site "?"]
[Date "2004.??.??"]
[Round "?"]
[White "Jirk, Ales"]
[Black "Sykora, Josef"]
[Result "1/2-1/2"]
[WhiteElo "2248"]
[BlackElo "2368"]
[PlyCount "45"]
[EventDate "2004.??.??"]
[EventType "corr"]
[SourceDate "2004.06.03"]

1. e4 c6 2. d4 d5 3. Nd2 dxe4 4. Nxe4 Nd7 5. Ng5 Ngf6 6. Bd3 e6 7. N1f3 Bd6 8.
Qe2 h6 9. Ne4 Nxe4 10. Qxe4 c5 11. O-O Qc7 12. Re1 Nf6 13. Qh4 Bd7 14. Bg5 Be7
15. dxc5 Qxc5 16. Ne5 Bc6 17. Qh3 Rd8 18. Rad1 O-O 19. Nxc6 Qxc6 20. Bxh6 gxh6
21. Qxh6 Ne4 22. Qh5 f5 23. Qg6+ 1/2-1/2

[Event "6MCR_4D_1L_2S"]
[Site "?"]
[Date "2004.??.??"]
[Round "?"]
[White "Jirk, Ales"]
[Black "Trexlerova, Nadezda"]
[Result "1/2-1/2"]
[WhiteElo "2248"]
[BlackElo "1800"]
[PlyCount "47"]
[EventDate "2004.??.??"]
[EventType "corr"]
[SourceDate "2004.06.03"]

1. d4 d5 2. c4 e6 3. Nc3 c6 4. e3 Nf6 5. Nf3 Nbd7 6. Bd3 dxc4 7. Bxc4 b5 8. Bd3
Bb7 9. O-O a6 10. e4 c5 11. d5 c4 12. Bc2 Qc7 13. dxe6 fxe6 14. Nd4 Nc5 15. Be3
e5 16. Nf3 Be7 17. Ng5 Qd7 18. Qxd7+ Nfxd7 19. Rad1 h6 20. Nf3 Rc8 21. Nd5 g5
22. h3 Rf8 23. Rfe1 Ne6 24. Nxe7 1/2-1/2

[Event "6MCR_4D_1L_2S"]
[Site "?"]
[Date "2004.??.??"]
[Round "?"]
[White "Krouzel, Jaroslav"]
[Black "Dedina, Miroslav"]
[Result "1/2-1/2"]
[WhiteElo "2334"]
[BlackElo "2297"]
[PlyCount "135"]
[EventDate "2004.??.??"]
[EventType "corr"]
[SourceDate "2004.06.03"]

1. d4 Nf6 2. c4 e6 3. Nc3 Bb4 4. Qc2 O-O 5. a3 Bxc3+ 6. Qxc3 b6 7. Bg5 Bb7 8.
f3 h6 9. Bh4 d5 10. e3 Nbd7 11. cxd5 exd5 12. Bd3 Re8 13. Ne2 c5 14. O-O Qe7
15. Bf2 a5 16. a4 Ba6 17. Bxa6 Rxa6 18. Qd3 Raa8 19. Nc3 Qd6 20. Rad1 Rac8 21.
Rfe1 Re6 22. e4 dxe4 23. Qa6 Qf8 24. d5 Ree8 25. fxe4 c4 26. d6 Re6 27. Bd4 Kh7
28. Qb5 Rxd6 29. e5 Rxd4 30. Rxd4 Rc5 31. Qa6 Nxe5 32. Qxb6 Qc8 33. Ne4 Nxe4
34. Rexe4 Qf5 35. Rf4 Qh5 36. Qb7 Rc6 37. h3 Qg6 38. Qb5 Re6 39. Rf1 Qc2 40.
Qxa5 Qxb2 41. Qd2 Qb3 42. a5 c3 43. Qe3 Qb2 44. Qe4+ f5 45. Rxf5 Nf3+ 46. Qxf3
c2 47. Rc4 c1=Q+ 48. Rxc1 Qxc1+ 49. Kh2 Re1 50. Qd3 Rh1+ 51. Kg3 Rd1 52. Qe4
Re1 53. Rc5+ Rxe4 54. Rxc1 Ra4 55. Rc5 Kg6 56. h4 Kf7 57. Kh3 Ke6 58. h5 Kd6
59. Rb5 Kc6 60. Rf5 Kd6 61. g4 Ke6 62. Rb5 Ra3+ 63. Kg2 Kf7 64. g5 hxg5 65.
Rxg5 Kf6 66. Rb5 Kf7 67. Kf2 g6 68. hxg6+ 1/2-1/2

[Event "6MCR_4D_1L_2S"]
[Site "?"]
[Date "2004.??.??"]
[Round "?"]
[White "Krouzel, Jaroslav"]
[Black "Matousek, Jan"]
[Result "1-0"]
[WhiteElo "2334"]
[BlackElo "2280"]
[PlyCount "91"]
[EventDate "2004.??.??"]
[EventType "corr"]
[SourceDate "2004.06.03"]

1. d4 Nf6 2. c4 g6 3. Nc3 Bg7 4. e4 d6 5. Be2 O-O 6. Bg5 c5 7. d5 h6 8. Be3 e6
9. h3 exd5 10. exd5 Re8 11. Bd3 b5 12. Nxb5 Ne4 13. Ne2 Bxb2 14. Rb1 Bg7 15.
O-O a6 16. Na3 Nd7 17. Bf4 Nf8 18. Qc2 f5 19. Rb3 Ng5 20. Bd2 Nd7 21. Ng3 Ne5
22. Be2 Ngf7 23. f4 Nd7 24. Qd3 a5 25. Nb5 a4 26. Rbb1 Nb6 27. Bc3 Bxc3 28.
Qxc3 Rb8 29. Na7 Bd7 30. Nc6 Bxc6 31. dxc6 d5 32. cxd5 Nxd5 33. Qxc5 Rxb1 34.
Rxb1 Nxf4 35. Bc4 Qd2 36. Qf2 Qd6 37. Bxf7+ Kxf7 38. Rf1 g5 39. Nxf5 Qxc6 40.
Qa7+ Kf6 41. Qg7+ Kxf5 42. Qf7+ Ke4 43. Qxe8+ Qxe8 44. Re1+ Kd3 45. Rxe8 Ne2+
46. Kf2 1-0

[Event "6MCR_4D_1L_2S"]
[Site "?"]
[Date "2004.??.??"]
[Round "?"]
[White "Krouzel, Jaroslav"]
[Black "Soucha, Stepan"]
[Result "1/2-1/2"]
[WhiteElo "2334"]
[BlackElo "2335"]
[PlyCount "78"]
[EventDate "2004.??.??"]
[EventType "corr"]
[SourceDate "2004.06.03"]

1. d4 d5 2. c4 e6 3. Nc3 Be7 4. Nf3 Nf6 5. Bg5 h6 6. Bh4 O-O 7. e3 b6 8. Bd3
Bb7 9. O-O Nbd7 10. Qe2 Ne4 11. Bg3 c5 12. cxd5 exd5 13. Rad1 Qc8 14. Rfe1 Ndf6
15. dxc5 Nxc3 16. bxc3 Ne4 17. Bxe4 dxe4 18. Ne5 Bxc5 19. Rd7 Bc6 20. Rd2 Re8
21. Qc4 Re6 22. Red1 Be7 23. h3 Be8 24. Qb3 b5 25. c4 b4 26. Rd5 Qb7 27. Nd7
Qa6 28. c5 Qb5 29. a3 a5 30. Nb6 Ra6 31. Nc8 Bxc5 32. Bd6 Qa4 33. Qxa4 Bxa4 34.
Bxc5 Bxd1 35. Rxd1 b3 36. Na7 b2 37. Rb1 Rec6 38. Nxc6 Rxc6 39. Rxb2 Rxc5
1/2-1/2

[Event "6MCR_4D_1L_2S"]
[Site "?"]
[Date "2004.??.??"]
[Round "?"]
[White "Krouzel, Jaroslav"]
[Black "Splichal, Stanislav"]
[Result "1/2-1/2"]
[WhiteElo "2334"]
[BlackElo "2225"]
[PlyCount "57"]
[EventDate "2004.??.??"]
[EventType "corr"]
[SourceDate "2004.06.03"]

1. d4 Nf6 2. c4 e6 3. Nc3 Bb4 4. Qc2 O-O 5. a3 Bxc3+ 6. Qxc3 b6 7. Bg5 Bb7 8.
f3 h6 9. Bh4 d5 10. e3 Nbd7 11. cxd5 Nxd5 12. Bxd8 Nxc3 13. Bh4 Nd5 14. Bf2 c5
15. Bb5 Rfd8 16. e4 Nc7 17. Bxd7 Rxd7 18. dxc5 f5 19. e5 Rd5 20. cxb6 Rxe5+ 21.
Ne2 Ba6 22. O-O-O Nd5 23. Ng3 Rc8+ 24. Kb1 Nxb6 25. Bd4 Rb5 26. Rhe1 Rd8 27.
Bxb6 Rxd1+ 28. Rxd1 Rxb6 29. Rd8+ 1/2-1/2

[Event "6MCR_4D_1L_2S"]
[Site "?"]
[Date "2004.??.??"]
[Round "?"]
[White "Krouzel, Jaroslav"]
[Black "Trexlerova, Nadezda"]
[Result "1/2-1/2"]
[WhiteElo "2334"]
[BlackElo "1800"]
[PlyCount "87"]
[EventDate "2004.??.??"]
[EventType "corr"]
[SourceDate "2004.06.03"]

1. d4 d5 2. c4 e6 3. Nc3 c6 4. Nf3 dxc4 5. a4 Bb4 6. e3 b5 7. Bd2 a5 8. axb5
Bxc3 9. Bxc3 cxb5 10. b3 Bb7 11. bxc4 b4 12. Bb2 Nf6 13. Bd3 O-O 14. O-O Nbd7
15. Re1 Re8 16. e4 e5 17. Qc2 Qc7 18. c5 exd4 19. Bxd4 h6 20. h3 Bc6 21. Nh4
Ne5 22. Nf5 Nxd3 23. Qxd3 Bxe4 24. Rxe4 Rxe4 25. Bxf6 Rae8 26. Rf1 gxf6 27. Nd6
Re1 28. Nxe8 Rxe8 29. Qc4 Rb8 30. Rb1 b3 31. Qg4+ Kh8 32. Qh5 Kg7 33. Qg4+ Kf8
34. Qf5 Kg7 35. Qg4+ Kh8 36. Qh5 Qe5 37. Qxf7 a4 38. c6 b2 39. Qg6 Qg5 40. Qxg5
hxg5 41. c7 Rc8 42. Rxb2 Rxc7 43. Rb8+ Kg7 44. Ra8 1/2-1/2

[Event "6MCR_4D_1L_2S"]
[Site "?"]
[Date "2004.??.??"]
[Round "?"]
[White "Krouzel, Jaroslav"]
[Black "Zidu, Jan"]
[Result "1/2-1/2"]
[WhiteElo "2334"]
[BlackElo "2359"]
[PlyCount "102"]
[EventDate "2004.??.??"]
[EventType "corr"]
[SourceDate "2004.06.03"]

1. d4 d5 2. c4 c6 3. Nf3 Nf6 4. Nc3 dxc4 5. a4 Bf5 6. Ne5 Nbd7 7. Nxc4 Qc7 8.
g3 e5 9. dxe5 Nxe5 10. Bf4 Nfd7 11. Bg2 g5 12. Nxe5 gxf4 13. Nxd7 O-O-O 14. Qd4
Qxd7 15. Qxf4 Bd6 16. Qh6 Kb8 17. O-O Qe7 18. Rfd1 Rhg8 19. Rd4 Bc7 20. Rad1
Rxd4 21. Rxd4 Be5 22. Rd2 Bc7 23. Bh3 Bg6 24. Rd7 Qf6 25. Qd2 a5 26. e4 h5 27.
Qe3 Rd8 28. e5 Qh8 29. Rxd8+ Qxd8 30. e6 Qe7 31. Kg2 Bd6 32. Ne4 Bc7 33. Nc5
fxe6 34. Nxe6 Bd6 35. f4 Bf7 36. Kf3 Qf6 37. Qd4 Qe7 38. f5 Bxe6 39. fxe6 Kc7
40. Qh8 Qg5 41. Qh7+ Kb6 42. Qd3 Qf6+ 43. Bf5 Kc7 44. b3 Qb2 45. e7 Qe5 46. Qe4
Qxe7 47. Qxe7+ Bxe7 48. h4 Kd6 49. Bg6 Ke5 50. Bxh5 Bb4 51. Be8 Be1 1/2-1/2

[Event "6MCR_4D_1L_2S"]
[Site "?"]
[Date "2004.??.??"]
[Round "?"]
[White "Matousek, Jan"]
[Black "Gresek, Jaromir"]
[Result "1/2-1/2"]
[WhiteElo "2280"]
[BlackElo "2180"]
[PlyCount "90"]
[EventDate "2004.??.??"]
[EventType "corr"]
[SourceDate "2004.06.03"]

1. d4 d5 2. c4 c6 3. Nf3 Nf6 4. Nc3 e6 5. e3 Nbd7 6. Bd3 dxc4 7. Bxc4 b5 8. Bd3
Bb7 9. e4 b4 10. Na4 c5 11. e5 Nd5 12. O-O cxd4 13. Re1 g6 14. Bg5 Qa5 15. Nxd4
a6 16. a3 bxa3 17. bxa3 Bg7 18. Rb1 Rb8 19. Bd2 Qd8 20. Rxb7 Rxb7 21. Bxa6 Qa8
22. Bxb7 Qxb7 23. Bb4 Nxb4 24. axb4 Qxb4 25. Nc6 Qb7 26. Qd6 Bf8 27. Nc5 Bxd6
28. Nxb7 Bc7 29. Nd6+ Kf8 30. Ra1 Nxe5 31. Ra8+ Kg7 32. Rxh8 Nxc6 33. Rc8 Bxd6
34. Rxc6 Be5 35. h3 h5 36. Kf1 h4 37. Ke2 g5 38. Kd3 Kg6 39. Rb6 Bf4 40. Kd4
Kf5 41. Rb7 f6 42. Rb5+ e5+ 43. Kd5 g4 44. Rb4 gxh3 45. gxh3 Bd2 1/2-1/2

[Event "6MCR_4D_1L_2S"]
[Site "?"]
[Date "2004.??.??"]
[Round "?"]
[White "Matousek, Jan"]
[Black "Jirk, Ales"]
[Result "1-0"]
[WhiteElo "2280"]
[BlackElo "2248"]
[PlyCount "115"]
[EventDate "2004.??.??"]
[EventType "corr"]
[SourceDate "2004.06.03"]

1. d4 Nf6 2. c4 g6 3. Nc3 d5 4. Nf3 Bg7 5. Qb3 dxc4 6. Qxc4 O-O 7. e4 Na6 8.
Be2 c5 9. d5 e6 10. O-O exd5 11. exd5 Bf5 12. Rd1 Qb6 13. Nh4 Bd7 14. Be3 Rfe8
15. a3 Qxb2 16. Rab1 Qxa3 17. Rxb7 Bc8 18. Rb3 Qa5 19. Nf3 h6 20. Qb5 Qxb5 21.
Bxb5 Rd8 22. Ne5 Bf8 23. Nc6 Rd7 24. Na5 Rd8 25. Ra1 Nc7 26. Bc6 Bf5 27. Nb7
Rdc8 28. Rba3 c4 29. d6 Nce8 30. Ra6 Bg7 31. Rc1 Rab8 32. Bf3 Kh7 33. Bxa7 Ra8
34. Na5 Rxa7 35. Rxa7 Nxd6 36. Nc6 Re8 37. Nd4 Bd3 38. Ndb5 Nfe4 39. Bxe4 Nxe4
40. Nxe4 Rxe4 41. Rxf7 Kg8 42. Rd7 Bb2 43. Rd1 Re5 44. Nd4 Kf8 45. Nc6 Re2 46.
Nb4 Bf5 47. Rc7 c3 48. Rd8+ Re8 49. Rxe8+ Kxe8 50. f3 Kd8 51. Rc5 Kd7 52. Kf2
Ba3 53. Rc4 Bxb4 54. Rxb4 c2 55. Rc4 Ke6 56. Ke3 g5 57. Kd2 h5 58. Rxc2 1-0

[Event "6MCR_4D_1L_2S"]
[Site "?"]
[Date "2004.??.??"]
[Round "?"]
[White "Matousek, Jan"]
[Black "Soucha, Stepan"]
[Result "1/2-1/2"]
[WhiteElo "2280"]
[BlackElo "2335"]
[PlyCount "64"]
[EventDate "2004.??.??"]
[EventType "corr"]
[SourceDate "2004.06.03"]

1. d4 d5 2. c4 e6 3. Nc3 Be7 4. Nf3 Nf6 5. Bg5 h6 6. Bh4 O-O 7. e3 b6 8. Bd3
Bb7 9. O-O Nbd7 10. Qe2 Ne4 11. Bxe7 Qxe7 12. cxd5 exd5 13. Rac1 c5 14. dxc5
Nxc3 15. Rxc3 bxc5 16. b3 a5 17. Bb5 Nf6 18. Rc2 Rfc8 19. Rfc1 Ne4 20. Nd2 Ng5
21. Nf1 Ne6 22. Ng3 Rd8 23. Qe1 g6 24. Ne2 Qh4 25. Nf4 Nxf4 26. exf4 d4 27. g3
Qg4 28. Qe2 Qxe2 29. Rxe2 Bf3 30. Rd2 Rdb8 31. Be2 Bxe2 32. Rxe2 a4 1/2-1/2

[Event "6MCR_4D_1L_2S"]
[Site "?"]
[Date "2004.??.??"]
[Round "?"]
[White "Matousek, Jan"]
[Black "Svoboda, Frantisek"]
[Result "0-1"]
[WhiteElo "2280"]
[BlackElo "2391"]
[PlyCount "136"]
[EventDate "2004.??.??"]
[EventType "corr"]
[SourceDate "2004.06.03"]

1. d4 Nf6 2. c4 e6 3. Nf3 Bb4+ 4. Bd2 c5 5. Bxb4 cxb4 6. g3 O-O 7. Bg2 d6 8.
O-O Nc6 9. Nbd2 Re8 10. Qb3 a5 11. d5 exd5 12. cxd5 Ne7 13. e4 Ng6 14. Rfe1 Bg4
15. Qd3 Rc8 16. a3 bxa3 17. bxa3 Bd7 18. a4 Qc7 19. Reb1 Re7 20. Qd4 Rb8 21.
Qb6 Qxb6 22. Rxb6 Nxe4 23. Nc4 Nc3 24. Nd4 Nxa4 25. Rxd6 Be8 26. f4 Rc7 27. Nb6
Ne7 28. Nxa4 Rc4 29. Nb6 Rxd4 30. Bh3 Kf8 31. Rxa5 Ng8 32. Rc5 Rd1+ 33. Kf2 Nf6
34. Bf5 Ke7 35. Nc4 b5 36. Rb6 Rxb6 37. Nxb6 g6 38. Bc2 Ra1 39. Nc8+ Kd7 40.
Bd3 Ra6 41. Bxb5+ Kd8 42. Bd3 Bd7 43. Bxa6 Ne4+ 44. Ke3 Nxc5 45. Nd6 Nxa6 46.
Nxf7+ Ke7 47. Ng5 h5 48. Kd4 Nb4 49. Kc4 Nc2 50. Kc5 Ne3 51. d6+ Ke8 52. Nf3
Ng4 53. Kb6 Kd8 54. Kc5 Ba4 55. h3 Nf2 56. Ne5 Bc2 57. Kd4 Nxh3 58. Ke3 Ke8 59.
Kd2 Bb1 60. Ke3 g5 61. fxg5 Nxg5 62. Kf4 Ne6+ 63. Ke3 Bc2 64. Kd2 Bb3 65. Ke3
Bd5 66. Kd3 Ng5 67. Kd4 Be6 68. Nd3 Kf7 0-1

[Event "6MCR_4D_1L_2S"]
[Site "?"]
[Date "2004.??.??"]
[Round "?"]
[White "Matousek, Jan"]
[Black "Sykora, Josef"]
[Result "1/2-1/2"]
[WhiteElo "2280"]
[BlackElo "2368"]
[PlyCount "80"]
[EventDate "2004.??.??"]
[EventType "corr"]
[SourceDate "2004.06.03"]

1. d4 Nf6 2. c4 e6 3. Nf3 b6 4. g3 Bb7 5. Bg2 Be7 6. O-O O-O 7. Nc3 Ne4 8. Qc2
Nxc3 9. Qxc3 c5 10. Rd1 d6 11. b3 Bf6 12. Bb2 Qe7 13. Rd2 Nd7 14. Qc2 Rfd8 15.
Rad1 Rac8 16. dxc5 dxc5 17. Ng5 Bxg5 18. Bxb7 Bxd2 19. Bxc8 Rxc8 20. Qxd2 Nf8
21. e4 Rc7 22. Qc3 f6 23. e5 Rd7 24. Rxd7 Nxd7 25. Qe3 f5 26. f4 Nf8 27. Kf2
Qd7 28. Qe2 Ng6 29. Bc3 Ne7 30. Qf3 Nc6 31. Ke2 h6 32. Qe3 Ne7 33. h4 a5 34.
Qf3 Qc6 35. Qxc6 Nxc6 36. Kf3 Kf7 37. g4 fxg4+ 38. Kxg4 Kg6 39. h5+ Kf7 40. f5
Ne7 1/2-1/2

[Event "6MCR_4D_1L_2S"]
[Site "?"]
[Date "2004.??.??"]
[Round "?"]
[White "Soucha, Stepan"]
[Black "Canibal, Jaromir"]
[Result "1-0"]
[WhiteElo "2335"]
[BlackElo "2294"]
[PlyCount "93"]
[EventDate "2004.??.??"]
[EventType "corr"]
[SourceDate "2004.06.03"]

1. d4 g6 2. e4 Bg7 3. Nc3 d6 4. f4 Nf6 5. Nf3 O-O 6. Bd3 Nc6 7. e5 dxe5 8. fxe5
Ng4 9. Be4 f6 10. h3 Nh6 11. Bd5+ Kh8 12. exf6 exf6 13. O-O Nf5 14. Re1 Qd6 15.
Qd2 Bd7 16. Qf2 Rae8 17. Bd2 b5 18. Rxe8 Bxe8 19. a3 a5 20. Re1 b4 21. axb4
axb4 22. Bxc6 Bxc6 23. Ne4 Bxe4 24. Rxe4 Qd5 25. Re2 b3 26. c3 Rc8 27. Bf4 c5
28. g4 cxd4 29. c4 Qxc4 30. gxf5 d3 31. Nd2 Qd5 32. Re4 Qxf5 33. Qe3 Qb5 34.
Rd4 g5 35. Bd6 f5 36. Rxd3 h6 37. Ba3 Rc1+ 38. Kf2 Rc2 39. Rd6 Kh7 40. Qe6 Qa5
41. Bb4 Qxb4 42. Qxf5+ Kg8 43. Rd8+ Bf8 44. Qg6+ Kh8 45. Qxh6+ Kg8 46. Qxg5+
Kf7 47. Qf5+ 1-0

[Event "6MCR_4D_1L_2S"]
[Site "?"]
[Date "2004.??.??"]
[Round "?"]
[White "Soucha, Stepan"]
[Black "Gresek, Jaromir"]
[Result "1/2-1/2"]
[WhiteElo "2335"]
[BlackElo "2180"]
[PlyCount "39"]
[EventDate "2004.??.??"]
[EventType "corr"]
[SourceDate "2004.06.03"]

1. d4 d5 2. c4 c6 3. Nf3 Nf6 4. Nc3 e6 5. e3 Nbd7 6. Qc2 Bd6 7. Bd3 O-O 8. O-O
dxc4 9. Bxc4 a6 10. Rd1 b5 11. Be2 Qc7 12. Ne4 Nxe4 13. Qxe4 e5 14. Qh4 Re8 15.
Bd3 h6 16. Bd2 Be7 17. Qg3 Bd6 18. Qh4 Be7 19. Qg3 Bd6 20. Qh4 1/2-1/2

[Event "6MCR_4D_1L_2S"]
[Site "?"]
[Date "2004.??.??"]
[Round "?"]
[White "Soucha, Stepan"]
[Black "Jirk, Ales"]
[Result "1/2-1/2"]
[WhiteElo "2335"]
[BlackElo "2248"]
[PlyCount "42"]
[EventDate "2004.??.??"]
[EventType "corr"]
[SourceDate "2004.06.03"]

1. d4 Nf6 2. c4 g6 3. Nc3 d5 4. Nf3 Bg7 5. Qb3 dxc4 6. Qxc4 O-O 7. e4 Bg4 8.
Be3 Nfd7 9. Qb3 Nb6 10. Rd1 e6 11. Be2 Nc6 12. Ng1 Bxe2 13. Ngxe2 Qe7 14. O-O
Rfd8 15. a3 h6 16. Na4 Na5 17. Qc2 Nac4 18. Nxb6 Nxb6 19. a4 Rac8 20. Rc1 Nd7
21. Rfd1 Kh7 1/2-1/2

[Event "6MCR_4D_1L_2S"]
[Site "?"]
[Date "2004.??.??"]
[Round "?"]
[White "Soucha, Stepan"]
[Black "Svoboda, Frantisek"]
[Result "1-0"]
[WhiteElo "2335"]
[BlackElo "2391"]
[PlyCount "91"]
[EventDate "2004.??.??"]
[EventType "corr"]
[SourceDate "2004.06.03"]

1. d4 Nf6 2. c4 e6 3. Nc3 Bb4 4. Qc2 O-O 5. a3 Bxc3+ 6. Qxc3 b6 7. Bg5 c5 8.
dxc5 bxc5 9. e3 d6 10. O-O-O Nbd7 11. Rxd6 Qc7 12. Rd1 Ne4 13. Qc2 Nxg5 14. h4
Ne4 15. Qxe4 Bb7 16. Qc2 Nf6 17. f3 Rab8 18. Ne2 Bc6 19. Nc3 Rb7 20. Rd2 Rfb8
21. Be2 Qg3 22. Qd1 Qc7 23. Kb1 Nh5 24. g4 Ng3 25. Rg1 Nxe2 26. Qxe2 Rb3 27.
Ka1 Qa5 28. Nb1 Qc7 29. g5 Qe5 30. Rgd1 Kf8 31. e4 Be8 32. Qf2 Qc7 33. h5 Ba4
34. Rc1 Be8 35. f4 Qe7 36. Rc3 R3b6 37. Rcd3 Kg8 38. h6 g6 39. Nc3 Rc8 40. Qe3
Kf8 41. f5 exf5 42. Qf4 Re6 43. exf5 Re1+ 44. Ka2 Qe5 45. Qf2 gxf5 46. Rd5 1-0

[Event "6MCR_4D_1L_2S"]
[Site "?"]
[Date "2004.??.??"]
[Round "?"]
[White "Soucha, Stepan"]
[Black "Sykora, Josef"]
[Result "1-0"]
[WhiteElo "2335"]
[BlackElo "2368"]
[PlyCount "85"]
[EventDate "2004.??.??"]
[EventType "corr"]
[SourceDate "2004.06.03"]

1. d4 Nf6 2. c4 e6 3. Nc3 d5 4. cxd5 exd5 5. Bg5 Be7 6. e3 O-O 7. Bd3 Nbd7 8.
Nge2 Re8 9. O-O c6 10. Qc2 Nf8 11. f3 Be6 12. Rad1 Rc8 13. a3 a6 14. Na4 N6d7
15. Bxe7 Qxe7 16. b4 a5 17. Nc5 axb4 18. axb4 Nf6 19. e4 dxe4 20. fxe4 Bg4 21.
e5 Nd5 22. Qd2 f6 23. exf6 gxf6 24. Rc1 b6 25. Ne4 f5 26. N4g3 Qxb4 27. Qg5+
Kh8 28. Nxf5 Bxf5 29. Qxf5 Qe7 30. Rf3 Nb4 31. Bb1 Qd7 32. Qh5 Rxe2 33. Rcf1
Ree8 34. h4 Qxd4+ 35. Kh1 Qg7 36. Rf7 Re7 37. Rxg7 Rxg7 38. Rf7 Re8 39. Kg1
Rxf7 40. Qxf7 Ra8 41. h5 h6 42. g4 Nd5 43. g5 1-0

[Event "6MCR_4D_1L_2S"]
[Site "?"]
[Date "2004.??.??"]
[Round "?"]
[White "Splichal, Stanislav"]
[Black "Dedina, Miroslav"]
[Result "1/2-1/2"]
[WhiteElo "2225"]
[BlackElo "2297"]
[PlyCount "47"]
[EventDate "2004.??.??"]
[EventType "corr"]
[SourceDate "2004.06.03"]

1. d4 Nf6 2. c4 e6 3. g3 d5 4. Nf3 Be7 5. Bg2 O-O 6. O-O c6 7. Qc2 Nbd7 8. b3
b6 9. Rd1 Bb7 10. Nc3 Qc7 11. Bf4 Bd6 12. Bxd6 Qxd6 13. Nd2 Rfd8 14. e4 dxe4
15. Ndxe4 Qe7 16. Re1 Nxe4 17. Nxe4 Nf6 18. Rad1 Rd7 19. c5 Nxe4 20. Bxe4 Rad8
21. cxb6 axb6 22. Bxc6 Rxd4 23. Rxd4 Rxd4 24. Bxb7 1/2-1/2

[Event "6MCR_4D_1L_2S"]
[Site "?"]
[Date "2004.??.??"]
[Round "?"]
[White "Splichal, Stanislav"]
[Black "Gresek, Jaromir"]
[Result "1/2-1/2"]
[WhiteElo "2180"]
[BlackElo "2225"]
[PlyCount "83"]
[EventDate "2004.??.??"]
[EventType "corr"]
[SourceDate "2004.06.03"]

1. d4 d5 2. c4 c6 3. Nf3 Nf6 4. e3 e6 5. Nc3 Nbd7 6. Qc2 Bd6 7. Be2 O-O 8. O-O
Re8 9. Rd1 Qe7 10. h3 h6 11. a3 dxc4 12. Bxc4 e5 13. Nh4 Nf8 14. dxe5 Bxe5 15.
Nf3 Bd6 16. b4 Be6 17. Bd3 N8d7 18. Nd4 Be5 19. Nxe6 Qxe6 20. Bd2 Nb6 21. Be1
a6 22. Rac1 Qe7 23. Na4 Nxa4 24. Qxa4 Rad8 25. Qc2 Bb8 26. Bc3 Be5 27. Bxe5
Qxe5 28. Bc4 Ne4 29. Rd3 Rxd3 30. Bxd3 Kf8 31. a4 Re7 32. b5 cxb5 33. axb5 axb5
34. Qb3 Kg8 35. Qxb5 Qxb5 36. Bxb5 f5 37. g4 Nd6 38. Bd3 fxg4 39. hxg4 Kf7 40.
Kf1 Ke6 41. Ke2 Kd5 42. Bh7 1/2-1/2

[Event "6MCR_4D_1L_2S"]
[Site "?"]
[Date "2004.??.??"]
[Round "?"]
[White "Splichal, Stanislav"]
[Black "Jirk, Ales"]
[Result "1/2-1/2"]
[WhiteElo "2225"]
[BlackElo "2248"]
[PlyCount "58"]
[EventDate "2004.??.??"]
[EventType "corr"]
[SourceDate "2004.06.03"]

1. d4 Nf6 2. c4 g6 3. Nc3 d5 4. Nf3 Bg7 5. Qb3 dxc4 6. Qxc4 O-O 7. e4 a6 8. e5
b5 9. Qb3 Nfd7 10. Be3 c5 11. e6 cxd4 12. Nxd4 Nc5 13. exf7+ Rxf7 14. Qd1 Ra7
15. Ndxb5 Rd7 16. Qc2 Nd3+ 17. Bxd3 Rxd3 18. Na3 Bxc3+ 19. bxc3 Qd5 20. Rb1
Qxg2 21. Qxd3 Qxh1+ 22. Kd2 Qxh2 23. Qd5 Qc7 24. Rb6 Qd7 25. Qxd7 Nxd7 26. Rc6
Rf8 27. Nc4 Rd8 28. Ke2 Kf7 29. Bg5 Re8 1/2-1/2

[Event "6MCR_4D_1L_2S"]
[Site "?"]
[Date "2004.??.??"]
[Round "?"]
[White "Splichal, Stanislav"]
[Black "Matousek, Jan"]
[Result "1/2-1/2"]
[WhiteElo "2225"]
[BlackElo "2280"]
[PlyCount "59"]
[EventDate "2004.??.??"]
[EventType "corr"]
[SourceDate "2004.06.03"]

1. d4 Nf6 2. c4 g6 3. Nc3 Bg7 4. e4 d6 5. Nf3 O-O 6. Be2 e5 7. O-O Nc6 8. d5
Ne7 9. b4 Nh5 10. Re1 f5 11. Ng5 Nf6 12. Bf3 c6 13. Be3 f4 14. Bc1 h6 15. Ne6
Bxe6 16. dxe6 Nc8 17. b5 Qe8 18. bxc6 bxc6 19. c5 Qxe6 20. Ba3 Rd8 21. Qd3 Bf8
22. Bd1 Qe8 23. Bb3+ Kh7 24. Rad1 Rd7 25. Qc4 dxc5 26. Rxd7+ Qxd7 27. Rd1 Qe8
28. Bxc5 Nb6 29. Qb4 Nfd7 30. Bxf8 1/2-1/2

[Event "6MCR_4D_1L_2S"]
[Site "?"]
[Date "2004.??.??"]
[Round "?"]
[White "Splichal, Stanislav"]
[Black "Soucha, Stepan"]
[Result "1/2-1/2"]
[WhiteElo "2225"]
[BlackElo "2335"]
[PlyCount "50"]
[EventDate "2004.??.??"]
[EventType "corr"]
[SourceDate "2004.06.03"]

1. d4 d5 2. c4 e6 3. Nf3 Nf6 4. g3 Bb4+ 5. Bd2 Be7 6. Bg2 O-O 7. O-O c6 8. Qc2
b6 9. b3 Nbd7 10. Bc3 Bb7 11. Nbd2 Rc8 12. Rfd1 c5 13. dxc5 Bxc5 14. Qb2 dxc4
15. Nxc4 Qe7 16. Bd4 Rfd8 17. Bxc5 Rxc5 18. Nd4 Bxg2 19. Kxg2 Rdc8 20. Rac1 h6
21. Ne3 a6 22. Rxc5 Nxc5 23. f3 Ncd7 24. Rc1 Rxc1 25. Qxc1 Qd6 1/2-1/2

[Event "6MCR_4D_1L_2S"]
[Site "?"]
[Date "2004.??.??"]
[Round "?"]
[White "Splichal, Stanislav"]
[Black "Zidu, Jan"]
[Result "1/2-1/2"]
[WhiteElo "2225"]
[BlackElo "2359"]
[PlyCount "34"]
[EventDate "2004.??.??"]
[EventType "corr"]
[SourceDate "2004.06.03"]

1. d4 d5 2. c4 c6 3. Nf3 Nf6 4. e3 Bf5 5. Bd3 Bxd3 6. Qxd3 e6 7. O-O Nbd7 8.
Nc3 Bb4 9. Bd2 a5 10. a3 Be7 11. Rfd1 O-O 12. e4 dxe4 13. Nxe4 Nxe4 14. Qxe4
Nf6 15. Qe2 Qb6 16. Bc3 Rfd8 17. a4 Nd7 1/2-1/2

[Event "6MCR_4D_1L_2S"]
[Site "?"]
[Date "2004.??.??"]
[Round "?"]
[White "Svoboda, Frantisek"]
[Black "Canibal, Jaromir"]
[Result "1/2-1/2"]
[WhiteElo "2391"]
[BlackElo "2294"]
[PlyCount "40"]
[EventDate "2004.??.??"]
[EventType "corr"]
[SourceDate "2004.06.03"]

1. c4 Nf6 2. Nf3 g6 3. Nc3 Bg7 4. g3 O-O 5. Bg2 d6 6. O-O e5 7. d4 Qe8 8. dxe5
dxe5 9. Bg5 h6 10. Be3 Na6 11. Ne1 c6 12. Qc1 Kh7 13. Nd3 Ng4 14. Bd2 f5 15. f3
Nf6 16. b3 Qe7 17. e4 Rd8 18. Nf2 Nc5 19. Qc2 fxe4 20. Ncxe4 Nfxe4 1/2-1/2

[Event "6MCR_4D_1L_2S"]
[Site "?"]
[Date "2004.??.??"]
[Round "?"]
[White "Svoboda, Frantisek"]
[Black "Dedina, Miroslav"]
[Result "1/2-1/2"]
[WhiteElo "2391"]
[BlackElo "2297"]
[PlyCount "44"]
[EventDate "2004.??.??"]
[EventType "corr"]
[SourceDate "2004.06.03"]

1. c4 Nf6 2. Nc3 e6 3. e4 e5 4. Nf3 Nc6 5. Be2 Bb4 6. d3 d6 7. O-O Bc5 8. Be3
Nd4 9. Rb1 c6 10. b4 Bb6 11. a4 a5 12. b5 O-O 13. Bg5 Bc5 14. Nxd4 Bxd4 15. Qc2
Bd7 16. bxc6 bxc6 17. Nd1 h6 18. Bh4 g5 19. Bg3 Rb8 20. Rxb8 Qxb8 21. Ne3 Qa7
22. Rb1 h5 1/2-1/2

[Event "6MCR_4D_1L_2S"]
[Site "?"]
[Date "2004.??.??"]
[Round "?"]
[White "Svoboda, Frantisek"]
[Black "Krouzel, Jaroslav"]
[Result "1-0"]
[WhiteElo "2391"]
[BlackElo "2334"]
[PlyCount "61"]
[EventDate "2004.??.??"]
[EventType "corr"]
[SourceDate "2004.06.03"]

1. c4 f5 2. Nf3 Nf6 3. g3 d6 4. Nc3 e5 5. d4 e4 6. Nh4 Be7 7. Bh3 g6 8. O-O c6
9. f3 d5 10. cxd5 cxd5 11. Bh6 Nc6 12. e3 Be6 13. Rc1 Bf7 14. Qb3 Qd7 15. Na4
b6 16. Nc3 Rg8 17. fxe4 dxe4 18. d5 Na5 19. Qc2 Nxd5 20. Nxf5 gxf5 21. Bxf5 Qd6
22. Qxe4 Rd8 23. Qa4+ Nc6 24. Nxd5 Bxd5 25. e4 Qxh6 26. exd5 Bc5+ 27. Rxc5 Qe3+
28. Rf2 Qxc5 29. dxc6 Rd4 30. Qb3 Rg7 31. c7 1-0